Gonzalo de Córdoba : el Gran Capitán

Gespeichert in:
Bibliographische Detailangaben
1. Verfasser: Montero Alonso, José .
Format: Buch
Sprache:Spanisch
Erschienen: [Madrid] : Boris Bureba, imp. 1944
Katalog:MANES:  Suchergebnis im Bibliothekskatalog
Schulbuchspezifische Eigenschaften:
Schriftenreihe:Biografias amenas de grandes figuras. Serie I ; IV
Schlagworte:
Tags: Tag hinzufügen
Keine Tags, Fügen Sie den ersten Tag hinzu!
Hinzugefügt zu:13.02.2007
Geändert in:07.05.2025

MARC

LEADER 00000cam a2200000 i 4500
003 OSt
005 20250507134557.0
008 070214s1944 espa 000 0bspa d
040 |a uned  |b spa  |c centro-manes 
100 1 |a Montero Alonso, José .  |9 20937 
245 1 0 |a Gonzalo de Córdoba :  |b el Gran Capitán /   |c José Montero Alonso ; ilustraciones de Ángel Estéban 
260 |a [Madrid] :   |b Boris Bureba,   |c imp. 1944 
300 |a 90 p. :   |b il. 
490 0 |a Biografias amenas de grandes figuras. Serie I ;   |v IV 
546 |a España 
561 |5 es-BUNED  |3 8Infantil 442  |a España. Fondo Manes UNED  |k MANES 
600 1 7 |a Fernández de Córdoba, Gonzalo   |d (1453-1515)  |2 UNEDSUB  |9 40841 
690 0 |a EyL 
691 0 |a PRI 
942 |2 ddc  |c BK 
999 |c 97739  |d 97739 
999 |c manes:97739  |d 97739